Taiwan Political And Economic Reports 1861-1960 10 Volume Hardback Set (Record no. 577295)

MARC details
000 -LEADER
fixed length control field 01795nam a22001817a 4500
008 - FIXED-LENGTH DATA ELEMENTS--GENERAL INFORMATION
fixed length control field 250724b |||||||| |||| 00| 0 eng d
020 ## - INTERNATIONAL STANDARD BOOK NUMBER
ISBN 9781852079451
Paper back/Hardbound hbk
041 ## - LANGUAGE CODE
Language code of text/sound track or separate title eng
082 ## - DEWEY DECIMAL CLASSIFICATION NUMBER
Classification number 951.24904
Item number JAR
100 ## - MAIN ENTRY--AUTHOR NAME
Personal name Jarman Robert L.
245 ## - TITLE STATEMENT
Title Taiwan Political And Economic Reports 1861-1960 10 Volume Hardback Set
Sub Title : v. 1. 1861-1875 v. 2. 1876-1880 v. 3. 1881-1885 v. 4. 1886-1893 v. 5. 1894-1899 v. 6. 1900-1923 v. 7. 1924-1941 v. 8. 1945-1949 v. 9. 1950-1951 v. 10. 1952-1960.
Statement of responsibility, etc Robert L. Jarman
260 ## - PUBLICATION, DISTRIBUTION, ETC. (IMPRINT)
Name of publisher Cambridge Archive Editions
300 ## - PHYSICAL DESCRIPTION
Number of Pages 7000p.
Dimensions 10 v. : ill. ; 26 cm.
500 ## - GENERAL NOTE
General note v. 1. 1861-1875<br/>v. 2. 1876-1880<br/>v. 3. 1881-1885<br/>v. 4. 1886-1893<br/>v. 5. 1894-1899<br/>v. 6. 1900-1923<br/>v. 7. 1924-1941<br/>v. 8. 1945-1949<br/>v. 9. 1950-1951<br/>v. 10. 1952-1960.
520 ## - SUMMARY, ETC.
Summary, etc These volumes provide an extensive and reliable research source for study of a 100-year period of Taiwanese history. The early reports cover the nineteenth-century years of Formosa as a part of China, as well as the brief period of independence in 1895, followed by the period up to World War II as a Japanese colony. The post-war reports are valuable in documenting the struggle between the Kuomintang, led by Chiang-kai-shek, and the Communist forces of Mao-tse-tung. The Nationalists, defeated on the mainland, brought to Taiwan the flag which had been adopted as the national flag of China from 1928-1949. These reports provide contemporary accounts of the military tensions of the early 1950s, the rivalry over the Chinese heritage and the unresolved status of Taiwan. The reports give a balanced picture of the different political and ethnic constituents in Taiwanese history, with information on the Chinese, Japanese and aboriginal communities.
942 ## - ADDED ENTRY ELEMENTS (KOHA)
Koha item type Reference
Holdings
Withdrawn status Lost status Damaged status Not for loan Home library Current library Shelving location Date acquired Full call number Accession Number Price effective from Koha item type
        Anna Centenary Library Anna Centenary Library 7TH FLOOR, B WING 24.07.2025 951.24904 JAR 198488 24.07.2025 Reference
        Anna Centenary Library Anna Centenary Library 7TH FLOOR, B WING 24.07.2025 951.24904 JAR 198489 24.07.2025 Reference
        Anna Centenary Library Anna Centenary Library 7TH FLOOR, B WING 24.07.2025 951.24904 JAR 198490 24.07.2025 Reference
        Anna Centenary Library Anna Centenary Library 7TH FLOOR, B WING 24.07.2025 951.24904 JAR 198491 24.07.2025 Reference
        Anna Centenary Library Anna Centenary Library 7TH FLOOR, B WING 24.07.2025 951.24904 JAR 198492 24.07.2025 Reference
        Anna Centenary Library Anna Centenary Library 7TH FLOOR, B WING 24.07.2025 951.24904 JAR 198493 24.07.2025 Reference
        Anna Centenary Library Anna Centenary Library 7TH FLOOR, B WING 24.07.2025 951.24904 JAR 198494 24.07.2025 Reference
        Anna Centenary Library Anna Centenary Library 7TH FLOOR, B WING 24.07.2025 951.24904 JAR 198495 24.07.2025 Reference
        Anna Centenary Library Anna Centenary Library 7TH FLOOR, B WING 24.07.2025 951.24904 JAR 198496 24.07.2025 Reference
        Anna Centenary Library Anna Centenary Library 7TH FLOOR, B WING 24.07.2025 951.24904 JAR 198497 24.07.2025 Reference

Find us on the map